Catálogo
 En Linea

Grandeurs et misères d'une victoire / (Registro nro. 1784)

Detalles MARC
000 -CABECERA
campo de control de longitud fija 00578cam a2200181 a 4500
001 - NÚMERO DE CONTROL
campo de control 000001915
005 - FECHA Y HORA DE LA ÚLTIMA TRANSACCIÓN
campo de control 20200929145745.0
008 - DATOS DE LONGITUD FIJA--INFORMACIÓN GENERAL
campo de control de longitud fija 920618s1946 fr 001 0 fre d
040 ## - FUENTE DE LA CATALOGACIÓN
Centro catalogador/agencia de origen DO-SdBNP
Lengua de catalogación spa
Centro/agencia transcriptor BNPHU
082 ## - NÚMERO DE LA CLASIFICACIÓN DECIMAL DEWEY
Número de clasificación 940.3
Número de documento/Ítem C625g
100 1# - ENTRADA PRINCIPAL--NOMBRE DE PERSONA
Nombre de persona Clemenceau, Georges,
Fechas asociadas al nombre 1841-1929.
9 (RLIN) 6231
245 10 - MENCIÓN DE TÍTULO
Título Grandeurs et misères d'une victoire /
Mención de responsabilidad, etc. Georges Clemenceau.
260 ## - PUBLICACIÓN, DISTRIBUCIÓN, ETC.
Lugar de publicación, distribución, etc. París :
Nombre del editor, distribuidor, etc. Plon,
Fecha de publicación, distribución, etc. 1946.
300 ## - DESCRIPCIÓN FÍSICA
Extensión 374 p. ;
Dimensiones 21 cm.
650 #4 - PUNTO DE ACCESO ADICIONAL DE MATERIA--TÉRMINO DE MATERIA
Término de materia o nombre geográfico como elemento de entrada Guerra mundial i, 1914-1918.
9 (RLIN) 6232
630 04 - PUNTO DE ACCESO ADICIONAL DE MATERIA--TÍTULO UNIFORME
Título uniforme TRATADO DE VERSALLE
Fecha de la firma de un tratado (1919)
9 (RLIN) 6233
600 14 - PUNTO DE ACCESO ADICIONAL DE MATERIA--NOMBRE DE PERSONA
Nombre de persona FOCH, FERDINAND,
Fechas asociadas al nombre 1851-1929.
9 (RLIN) 6234
Existencias
Estado de retiro Estado de pérdida Restricciones de uso No para préstamo Código de colección Localización permanente Ubicación/localización actual Ubicación en estantería Fecha de adquisición Número de inventario Total de préstamos Signatura topográfica completa Código de barras Fecha visto por última vez Precio válido a partir de Tipo de ítem Koha
        Monografías: Libros y Folletos General General En catalogación 22.09.2009 LF1   940.3 C625g 1915-10 25.06.2020 25.06.2020 Préstamo en sala

Con tecnología Koha